000 00225nam a2200097Ia 4500
008 170619s9999 xx 000 0 und d
100 _aPeter Norton
245 0 _aIntroduction to Computers
260 _bNew Dehi: TMH
260 _c2001
546 _aENGLISH
999 _c18256
_d18256